000 00406nam a2200169Ia 4500
008 230524s9999 xx 000 0 und d
020 _a8120305167
082 _a5.133
_bBSC
100 _aM.J.Batch
245 4 _aThe Design of the Unix Operating Systems
250 _a1ST
260 _aNEW DELHI
_bPHI
_c2000
300 _aXIV;471
500 _aQuantity Number: 43
650 _aComp-Sc
942 _cBK
999 _c25562
_d25562